Statistics for Name these Destiny stories and DLCs!

Click here to take the quiz!

General Stats

  • This quiz has been taken 9 times
    (3 since last reset)
  • The average score is 11 of 13

Answer Stats

HintAnswer% Correct
The Guardian arrives to Europa at the instruction of The Witness, but discovers a distress signal sent by Variks and a new Eliksni House. It is revealed to be House Salvation whose Kell is Eramis seen wielding Stasis.Beyond Light
100%
The Mind of the Infinite Forest, Panoptes, begins working towards a future where light and darkness no longer exist. A exiled Warlock sends his Ghost to find help in real space. She is found by Ikora Rey's Hidden, and brought back to the Tower.Curse of Osiris
100%
Petra Venj, upon witnessing the scale of the prison outbreak, recruits the Guardian and Cayde-6 to assist in containing the chaos. Petra realizes that Uldren and the eight Scorn Barons are escaping. Cayde immediately gives chase, and after a short battle, Cayde's Ghost is destroyed by Pirrha, the Rifleman, Cayde is then smashed through a wall by Reksis Vahn, the Hangman before finally being shot in the chest with his own Hand Cannon by Uldren. The Guardian is too late to save Cayde-6, who dies before the Guardian.Forsaken
100%
The Witness and its forces finally arrive at Earth's orbit to confront the Traveler. The forces of the Coalition respond to defend the Traveler, but the defense fails as Amanda Holliday and the other pilots go down in the fight. The Traveler shoots out a terraforming beam on the Pyramid the Witness was inhabiting, which the Witness is unphased by, stepping out into open space to approach the Traveler. Upon communing with the Traveler, the Witness discovers the location of the Veil somewhere on Neptune and instructs its new Disciple Emperor Calus to find it. Osiris learns of the discovery and follows the Cabal fleet traveling there.Lightfall
100%
As the heroes of the last safe city turned their attention to frontiers beyond the protection of the Vanguard, new Nightmares have emerged from the shadows of our long-forgotten Moon. Called forth by the haunting visions from her tormented past, Eris Morn has returned and unleashed something that once slumbered beneath the lunar surface – a long dormant power even she cannot control.Shadowkeep
100%
Two years after the Taken War, the Cabal Empire's would respond to the losses suffered at the hands of Guardians by dispatching a elite legion, led by Ghaul, to launch a major invasion of Earth. This legion attempted to steal the Traveler's Light, severing its connection from the Guardians with a cage. This attack would completely devastate humanity's last safe city and the Tower, forcing the survivors to scatter. Hundreds of Guardians perished in the assault, and The Speaker went missing during the invasionThe Red War
100%
Petra Venj detects the Hive Dreadnaught orbiting the rings of Saturn and orders all Reef assets to mobilize, following a conversation between Queen Mara Sov and Eris Morn and presumably Osiris on Oryx's imminent arrival.The Taken King
100%
The Guardian investigates Mars' reappearance with temporal distortions under the orders of Ikora, but are attacked by the Cabal under Caiatl's banner. Later, Savathûn's ship, The Lure, lands above the Martian Cradle. They infiltrate a Cabal bunker and use the cannon to launch themselves onto the Lure. They follow mysterious traces of Void Light upon landing on the Lure, only to discover that they are soon encountering the Hive imbued with the power of the Traveler's Light and Lucent MothsThe Witch Queen
100%
Upon hearing reports that the elite legion is gathering on Mars, as well as the fact that Warsats are crashing onto Mars, The Guardian goes to investigate. The Guardian then lands at Hellas Basin and finds Anastasia Bray, then discovers that a Hive sect known as the Grasp of Nokris has begun to awaken on Mars as a result of Rasputin calling the Warsats to crash on Mars.Warmind
100%
The Reef is betrayed by a Fallen House led by their Kell Skolas, who wrests control of the House of Winter and declares himself as the legendary Kell of Kells. In response, Queen Mara Sov of the Reef opens her realm to the Guardians to enact her vengeance.House of Wolves
67%
About 500 years after the CollapseDestiny
33%
Field reports are made from Guardians whose armor have become infested with "tech mites", which manifest as swarms of colorful specks that swirl around their heads. Unable to contain the mites' spread among the Guardians, the Owl Sector and Vanguard instead implemented a quarantine on the Last City in order to prevent non-Guardians' exposure.Rise of Iron
33%
Eris Morn returns to the Tower, warning of an impending Hive invasion led by a soon-to-be-resurrected Crota. She tasks the Guardian with killing Crota’s disciples.The Dark Below
33%

Score Distribution

Percentile by Number Answered

Percent of People with Each Score

Your Score History

You have not taken this quiz since the last reset